00768nam a2200181 4500008004100000082001600041110005600057245006900113260007700182300003600259650002600295700002100321700001700342856010900359942000700468952009600475999001500571240701b |||||||| |||| 00| 0 eng d a306.74bSEX aSex workers and allies South Asia-Sri Lanka chapter aStatus of sex workers in Sri Lanka:ba national report 2022-2023 a[Colombo]:b[Sex workers and allies South Asia-Sri Lanka chapter],c2023 av.,75 p.bBibliography included aSEX WORKERS-Sri Lanka aDeshapriya, Paba aArasu, Ponni uhttps://srilankabrief.org/wp-content/uploads/2023/05/Status-of-sex-workers-in-sri-lanka-2022-2023-EN.pdf cRP 00102ddc4070aMAINbMAINd2024-07-01l0o306.74 SEXpRAF5341r2024-07-01w2024-07-01yRP c4955d4955